Словарь русских старожильческих говоров Средней части бассейна р. Оби : (Record no. 362571)
[ view plain ]
| 000 -LEADER | |
|---|---|
| fixed length control field | 01118nam a2200229 a 4500 |
| 001 - CONTROL NUMBER | |
| control field | 001128788 |
| 003 - CONTROL NUMBER IDENTIFIER | |
| control field | AM-YeHGA |
| 005 - DATE AND TIME OF LATEST TRANSACTION | |
| control field | 20250617152021.0 |
| 008 - FIXED-LENGTH DATA ELEMENTS--GENERAL INFORMATION | |
| fixed length control field | 160212s1975 ru 000 0 rus d |
| 040 ## - CATALOGING SOURCE | |
| Original cataloging agency | AM-YeHGA |
| 041 0# - LANGUAGE CODE | |
| Language code of text/sound track or separate title | rus |
| 090 ## - LOCALLY ASSIGNED LC-TYPE CALL NUMBER (OCLC); LOCAL CALL NUMBER (RLIN) | |
| -- | 364419 |
| 245 00 - TITLE STATEMENT | |
| Title | Словарь русских старожильческих говоров Средней части бассейна р. Оби : |
| Remainder of title | Дополнение / |
| Statement of responsibility, etc. | Том. гос. ун-т им. В.В. Куйбышева; Под ред. О.И. Блиновой, В.В. Палагиной. |
| 260 ## - PUBLICATION, DISTRIBUTION, ETC. | |
| Place of publication, distribution, etc. | Томск : |
| Name of publisher, distributor, etc. | Изд-во Том. ун-та, |
| Date of publication, distribution, etc. | 1975. |
| 300 ## - PHYSICAL DESCRIPTION | |
| Extent | часть. |
| 505 10 - FORMATTED CONTENTS NOTE | |
| Miscellaneous information | Ч. 1 (1975, 278 с.) |
| 650 14 - SUBJECT ADDED ENTRY--TOPICAL TERM | |
| Topical term or geographic name entry element | Русский язык - Диалекты - Томская область |
| 653 0# - INDEX TERM--UNCONTROLLED | |
| Uncontrolled term | Русский язык- Диалекты - Кемеровская область |
| 700 1# - ADDED ENTRY--PERSONAL NAME | |
| Personal name | Блинова, Ольга Иосифовна |
| Relator term | ред. |
| Relationship | edt |
| 700 1# - ADDED ENTRY--PERSONAL NAME | |
| Personal name | Палагина, В.В. |
| Relator term | ред. |
| Relationship | edt |
| 710 2# - ADDED ENTRY--CORPORATE NAME | |
| Corporate name or jurisdiction name as entry element | Томский государственный университет им. В.В. Куйбышева |
| Withdrawn status | Lost status | Damaged status | Not for loan | Collection | Home library | Current library | Date acquired | Serial enumeration / chronology | Total checkouts | Full call number | Barcode | Date last seen | Price effective from | Koha item type | Public note |
|---|---|---|---|---|---|---|---|---|---|---|---|---|---|---|---|
| General | Fundamental Scientific Library | Fundamental Scientific Library | 11/01/2017 | Ч. 1 | PIII/39400 | FL0379665 | 11/01/2017 | 11/01/2017 | Գրքեր / Books | 30 Days Loan |
ՀՀ Գիտությունների ազգային ակադեմիայի հիմնարար գիտական գրադարան = Fundamental Scientific Library of NAS RA
All site content, except where otherwise noted, is licensed under a